Statystyki dla Dawne stolice imperiów

Kliknij tutaj aby rozwiązać quiz!

Ogólne statystyki

  • Ten quiz został rozwiązany 40 razy
  • Średni wynik to 13 z 33

Statystyki odpowiedzi

PaństwoOkres czasuDawna stolica% Poprawnych
Polska1138 - 1290; 1296 - 1795Kraków
89%
Polskado 1039Gniezno
86%
Imperium Osmańskie (Turcja)1453 – 1923Stambuł
69%
Rosja1703 - 1918Petersburg
66%
Brazyliado 1960Rio de Janeiro
66%
Kanada1849 - 1859Toronto
63%
Niemcy Zachodnie (RFN)1949 - 1990Bonn
60%
Stany Zjednoczone1785 - 1790Nowy Jork
60%
Polska1079 - 1138Płock
57%
Litwa1922 - 1940Kowno
54%
Polska1290 - 1296Poznań
54%
Australia1901 - 1927Melbourne
51%
Japonia794 - 1868Kioto
46%
Indie1911 - 1931Delhi
40%
Nigeriado 1991Lagos
40%
Kazachstando 1997Ałmaty
34%
Nowa Zelandiado 1865Auckland
31%
Stany Zjednoczone1790 - 1800Filadelfia
31%
Pakistando 1959Karaczi
31%
Finlandiado 1812Turku
31%
Indie1772 - 1911Kalkuta
29%
Tanzania1964 - 1996Dar es Salaam
23%
Norwegiado 1217Nidaros
23%
Kanada1859–1865Quebec
23%
Starożytny Egipt3150 p.n.e. - 2160 p.n.e.Memfis
20%
Szwecja1273–1436Uppsala
20%
Chiny206 p.n.e. - 25; 618 - 907Xi'an
20%
Maroko1244 - 1554; 1727 - 1912Fez
17%
Starożytny Egipt2134 p.n.e. - 1292 p.n.e.Teby
14%
Węgry1536 - 1784Bratysława
11%
EtiopiaI wiek p.n.e. - 1889Aksum
9%
Bułgaria893–972Presław
6%
Daniado 1443Roskilde
6%

Rozkład punktacji

Percentyl według liczby udzielonych odpowiedzi

Procent ludzi z każdym wynikiem

Twoja historia wyników

Nie rozwiązałeś tego quizu